| 000 | 00778cam a2200205 i 4500 | ||
|---|---|---|---|
| 005 | 20260217121307.0 | ||
| 008 | 250721s1997 le gr 000 0 ara d | ||
| 082 | 1 | 4 |
_a414 _bس ل و |
| 100 | 1 |
_aسلوم، علي جميل _eمؤلف. |
|
| 245 | 1 | 2 |
_aالدليل إلى البلاغة وعروض الخليل / _cالدكتور علي جميل سلوم، الدكتور حسن محمد نور الدين. |
| 250 | _aالطبعة الثالثة. | ||
| 264 | 3 | 1 |
_aبيروت : _bدار العلوم العربية، _c1997. |
| 300 | _a366صفحة. | ||
| 650 | 1 | 7 | _aعلم العروض. |
| 650 | 1 | 7 | _aالبلاغة. |
| 650 | 1 | 7 | _aعلم البيان. |
| 700 | 1 |
_aنور الدين، حسن محمد _eمؤلف. |
|
| 942 |
_2ddc _cBK |
||
| 999 |
_c35710 _d35710 |
||